The need for roots : prelude to a declaration of duties toward mankind

Αποθηκεύτηκε σε:
Λεπτομέρειες βιβλιογραφικής εγγραφής
Κύριος συγγραφέας: Weil, Simone, 1909-1943
Μορφή: Βιβλίο
Γλώσσα:English
French
Δημοσίευση: New York : Harper Colophon Books, 1971.
Θέματα:
Ετικέτες: Προσθήκη ετικέτας
Δεν υπάρχουν, Καταχωρήστε ετικέτα πρώτοι!

MARC

LEADER 00000cam a2200000 a 4500
001 1/113336
008 170310r19711952nyu| ||| |||| ||eng||
020 |a 060902264  
040 |a GR-MyUa  |b gre  |c GR-MyUa  |e AACR2 
041 0 |a eng  |h fre 
082 7 |a 303.372   |2 (23) 
100 1 |a Weil, Simone,   |d 1909-1943. 
245 1 4 |a The need for roots :   |b prelude to a declaration of duties toward mankind /   |c translated by Arthur Wills ; with a pref. by T. S. Eliot.  
260 |a New York :   |b Harper Colophon Books,   |c 1971.  
300 |a xv, 302 σ. ;   |c 21 εκ.  
500 |a Μετάφραση του: L'enracinement. 
650 0 |a Social ethics 
650 0 |a Social psychology. 
852 |a INST  |b LESVOS  |e 20170310  |h 303.372 WEI  |p 005100058875  |q 005100058875  |t BK  |y 0 
970 |a Τζαφέρη  |b Ευαγγελία  |z 10-03-2017